| 000 | 01896nam a22003974a 4500 | ||
|---|---|---|---|
| 001 | ebr10017535 | ||
| 003 | CaPaEBR | ||
| 006 | m u | ||
| 007 | cr cn||||||||| | ||
| 008 | 990111s1999 enk sb 001 0 eng | ||
| 010 | _z 99010532 | ||
| 020 | _z0415203422 | ||
| 020 | _z0415203430 (pbk. : alk. paper) | ||
| 040 |
_aCaPaEBR _cCaPaEBR |
||
| 035 | _a(OCoLC)61357614 | ||
| 050 | 1 | 4 |
_aHD8013.E854 _bP83 1999eb |
| 082 | 0 | 4 |
_a331/.0413514 _221 |
| 245 | 0 | 0 |
_aPublic service employment relations in Europe _h[electronic resource] : _btransformation, modernization or inertia? / _cedited by Stephen Bach ... [et al.]. |
| 260 |
_aLondon ; _aNew York : _bRoutledge, _c1999. |
||
| 300 | _axi, 244 p. | ||
| 490 | 1 | _aRoutledge studies in employment relations | |
| 504 | _aIncludes bibliographical references and index. | ||
| 533 |
_aElectronic reproduction. _bPalo Alto, Calif. : _cebrary, _d2013. _nAvailable via World Wide Web. _nAccess may be limited to ebrary affiliated libraries. |
||
| 650 | 0 |
_aEmployee-management relations in government _zEuropean Union countries _vCase studies. |
|
| 650 | 0 |
_aCollective bargaining _xGovernment employees _zEuropean Union countries _vCase studies. |
|
| 650 | 0 |
_aGovernment employee unions _zEuropean Union countries _vCase studies. |
|
| 650 | 0 |
_aCivil service _zEuropean Union countries _vCase studies. |
|
| 650 | 0 |
_aGovernment efficiency _zEuropean Union countries _vCase studies. |
|
| 650 | 0 |
_aDecentralization in government _zEuropean Union countries _vCase studies. |
|
| 650 | 0 |
_aIndustrial relations _zEuropean Union countries _vCase studies. |
|
| 655 | 7 |
_aElectronic books. _2local |
|
| 700 | 1 |
_aBach, Stephen, _d1963- |
|
| 710 | 2 | _aebrary, Inc. | |
| 830 | 0 | _aRoutledge studies in employment relations. | |
| 856 | 4 | 0 |
_uhttp://site.ebrary.com/lib/rucke/Doc?id=10017535 _zAn electronic book accessible through the World Wide Web; click to view |
| 999 |
_c29998 _d29998 |
||